Catalog

Record Details

Catalog Search



The invasion of the computer culture  Cover Image Book Book

The invasion of the computer culture / Allen Emerson and Cheryl Forbes

Emerson, Allen (Author). Forbes, Cheryl (Added Author).

Record details

  • ISBN: 0-85110-788-5
  • Physical Description: 190 p.
  • Publisher: Leicester, England Inter-Varsity Press c1989

Available copies

  • 1 of 1 copy available at Common Catalog SPOK.

Holds

  • 0 current holds with 1 total copy.
Show Only Available Copies
Location Call Number / Copy Notes Barcode Shelving Location Status Due Date
ETS Library 261.52 424470002926 Volný výběr Available -

LDR 00711nam a2 00253
00136118
003CZ-PrJAB
00520030515000000.0
008030512s1800 xxk e |||| |eng
009gb
020 . ‡a0-85110-788-5
035 . ‡a(CONS)4346
035 . ‡aKPS11473
040 . ‡aABG450
041 . ‡aeng
08214. ‡a261.52
100 . ‡75592 ‡aEmerson, Allen
245 . ‡aThe invasion of the computer culture / ‡cAllen Emerson and Cheryl Forbes
260 . ‡aLeicester, England ‡bInter-Varsity Press ‡cc1989
300 . ‡a190 p.
653 . ‡aThe ivasion of the computer culture
700 . ‡75593 ‡aForbes, Cheryl
8524 . ‡bETS ‡bETS ‡cVolný výběr ‡j261.52 ‡gA ‡p424470002926
910 . ‡aABG450
999 . ‡a4346 ‡bAUTOGEN ‡c4346 ‡tbiblio
905 . ‡uadmin
901 . ‡a36118 ‡b ‡c36118 ‡tbiblio ‡sets

Additional Resources